| 000 | 00549nam a2200157 a 4500 | ||
|---|---|---|---|
| 008 | 160824s2007 ||||||||||||||||| || u | ||
| 020 | _a1600760333 | ||
| 050 | _aPS 3562.L68F5 | ||
| 100 | _aLloyd, Cynthia | ||
| 245 | 1 | 0 |
_aFire in the Gulf _cBy Cynthia Lloyd |
| 260 |
_aDanville, Ca _bStonegarden.Net Publishing _c2007 |
||
| 300 | _a272 p. | ||
| 350 | _a12.95 | ||
| 650 | _aENGLISH LANGUAGE | ||
| 995 |
_aFICTION Collection _e746814 _FCBU-SCHOOL OF MEDICINE LIBRARY (Ndola) _I12.95 _jPS 3562.L68F5 _M1 _UAVAILABLE _WSep 23, 2016 _y746814 _ZFiction Collection |
||
| 999 |
_c31449 _d31449 |
||